000 01030nam2a22002411 4500
001 rc\267683
005 20030307115642.3
021 _aRU
_bКН-П-19-094876
_9КН-П-19-6953
035 _a(NLR Aleph) 008760363
090 _a7861631
_c7861631
100 _a20030307d1994 u y0rusy50 ca
101 0 _arus
102 _aRU
105 _ay |||||||||
200 0 _aВып. 2, ч. 1
_f[Предисл. Л.Т. Ивановой]
210 _d1994
215 _a143 с.
461 0 _1001rc\267682
_12001#$aРусское зарубежье$eУказ. лит.$fЯкут. гос. ун-т им. М.К. Аммосова, Межвуз. б-ка$g[Составитель Л.И. Филиппова]$vВып. 2, ч. 1
_97950739
_cЯкутск
_d1992-
_fЯкут. гос. ун-т им. М.К. Аммосова, Межвуз. б-ка
_nИзд-во ЯГУ
_oУказ. лит.
_tРусское зарубежье
_vВып. 2, ч. 1
801 0 _aRU
_bNLR
_gpsbo
801 1 _aRU
_bELAR
_2rusmarc
852 _aNLR
_bС
_jК-1/6042
942 _cBOOK
980 _aNB